OECD journal on budgeting

Salvato in:
Dettagli Bibliografici
Natura: Libro
Lingua:inglese
Pubblicazione: Paris OECD 2002
Serie:Governance
Soggetti:
Tags: Aggiungi Tag
Nessun Tag, puoi essere il primo ad aggiungerne!!

MARC

LEADER 00000nam a2200000 4500
001 c140157
005 20221124092623.3
020 |a 92-64-19063-5 
022 |a 1608-7143 
041 0 |a eng 
044 |a FR 
245 1 0 |a OECD journal on budgeting 
264 1 |a Paris  |b OECD  |c 2002 
300 |a 150 s. 
490 1 |a Governance 
830 0 |a Governance 
500 |a Titul je od Vol. 2/2002 spracovaný v BD Seriály 
610 2 0 |a rozpočty 
610 2 0 |a správa verejná 
610 2 0 |a správa štátna 
610 2 0 |a rozpočtovníctvo 
610 2 0 |a manažment finančný 
610 2 0 |a financie verejné 
610 2 0 |a Európska únia 
610 2 0 |a OECD 
610 2 0 |a USA 
610 2 0 |a Japonsko 
610 2 0 |a svet 
610 2 0 |a Austrália